01128 2200241 4500001002100000005001500021035002000036007000300056008004100059020002200100082001500122084002200137100002700159245011800186250000600304260003900310300003000349650002900379700003500408700003100443520039500474990001700869INLIS00000000000070620260421104856 a0010-0523000248ta260421 b 1 ind  a978-602-341-351-5 a899.221.3k a899.221.3k WUL s0 aWulan BS ( Pengarang )1 aSeli & Selimut Kesayangan :baku balita hebat /cWulan BS ; editor, Winda Dwi Sustiana ; ilustrasi, Adlina Aldid a- aJakarta :bBestari Buana Murni,c- a24 :bilus. ;c20.5 cme- 4aFiksi - Bacaan anak-anak0 aWinda Dwi Sustiana ( Editor )0 aAdlina Aldid ( Ilustrasi ) aSeli punya selimut kesayangan. Selimut itu selalu ia bawa ke mana-mana. Ternan-teman Seli me(asa terganggu dengan bau selimut itu. Namun, Seli tidak peduli. Ayak dan Ibu meminta Seli untuk tidak menggunakan selimut itu Iagi. Seli sangat menyayangi selimutnya itu. Suatu kati Ayak menyembunyikan selimut Seli. Apa yang akan dilakukan Seli ya? Apakak Sell bisa te(lepas dati selimut te(sebut? a00072/K/2022